000 01418cam a2200301 i 4500
003 SA-RiAUC
005 20250602111634.0
008 250528s1931 ua g 000r0 ara c
040 _aSA-JeALM
_bara
_cSA-RiAUC
_erda
043 _ae-gr---
082 0 4 _a240
_qSA-RiAUC
090 _aن 240
_b ا ب ن و
100 1 _aابن الوزير، محمد بن إبراهيم بن علي،
_d775-840 هجري
_eمؤلف.
245 1 0 _aترجيح أساليب القرآن على أساليب اليونان /
_cتأليف محمد بن إبراهيم الوزير الحسني اليمني الصنعاني.
264 1 _aالقاهرة :
_bمكتبة الجمعية العلمية،
_c1931
300 _a196 صفحة ؛
_c24 سم.
336 _aنص
_btxt
_2rdacontent
_3كتاب
337 _aبدون وسيط
_bn
_2rdamedia
338 _aمجلد
_bnc
_2rdacarrier
500 _aطبع بإذن خاص من بعض علماء آل بيت رسول الله لمدير إدارة طباعة الجمعية العلمية الأزهرية المصرية الملايوية.
500 _aفرغ من تأليفه سنة 1129 هـ.
500 _aيشتمل على ترجمة لمؤلف الكتاب.
630 2 7 _aالقرآن
_xمباحث عامة
_2aucut
650 7 _aالفلسفة اليونانية
_2aucsh
730 2 2 _aالقرآن
942 _2ddc
_cRARE BOOK
_n0
949 _aSA-JeALM
_d250528
_uosman123
_n1
999 _c8674
_d8674